00298nam a2200097Ia 4500008004100000020001800041245005700059260003100116650001200147856004100159171212s9999 xx 000 0 und d a9781783740970 ceditor McClure Mudge, JeanaMr. Emerson's Revolution bOpen Book Publishersc2015 aHistory uhttp://jstor.org/stable/j.ctt17rw4w2